[Event "GER Cup Net V1 U2000"]
[Site "Playchess.com INT"]
[Date "2020.05.19"]
[Round "7"]
[White "Hadlich, Gerald"]
[Black "Hingst, Silke"]
[Result "0-1"]
[WhiteElo "1576"]
[BlackElo "1656"]
[PlyCount "100"]
[EventDate "2020.05.19"]
[EventType "swiss (blitz)"]
[EventRounds "9"]
[EventCountry "GER"]
[SourceTitle "EXT 2021"]
[Source "ChessBase"]
[SourceDate "2020.10.23"]
[SourceVersion "1"]
[SourceVersionDate "2020.10.23"]
[SourceQuality "1"]

1. e4 c5 2. Nf3 d6 3. c3 Nf6 4. Bd3 Bg4 5. 0-0 Nc6 6. h3 Bh5 7. Re1 Ne5 8. Bb5+ Nfd7 9. g4 Nxf3+ 10. Qxf3 Bg6 11. d3 a6 12. Bxd7+ Qxd7 13. Nd2 e6 14. Nf1 Be7 15. Ng3 Bh4 16. Be3 0-0 17. Rad1 Rfd8 18. Bf4 d5 19. exd5 Qxd5 20. Qxd5 Rxd5 21. d4 Rad8 22. Be3 cxd4 23. cxd4 Bf6 24. g5 Bxd4 25. Bxd4 Rxd4 26. Rxd4 Rxd4 27. Rc1 Rd8 28. Rc7 Rb8 29. Ne2 Be4 30. Nc3 Bc6 31. h4 Rd8 32. Kh2 Kf8 33. Kg3 Rd3+ 34. Kf4 Rf3+ 35. Ke5 Rxf2 36. Rc8+ Ke7 37. Rh8 Rf5+ 38. Kd4 Rf4+ 39. Ke3 Rxh4 40. Rc8 Rg4 41. Rc7+ Ke8 42. Rc8+ Kd7 43. Rf8 Ke7 44. Rc8 Rxg5 45. Rc7+ Kf6 46. Ne4+ Bxe4 47. Kxe4 Rb5 48. b3 h5 49. Rc3 h4 50. Rg3 hxg3 0-1

[Event "GER Cup Net V1 U2000"]
[Site "Playchess.com INT"]
[Date "2020.05.19"]
[Round "2"]
[White "Hadlich, Gerald"]
[Black "Schaefer, Konstantin"]
[Result "0-1"]
[WhiteElo "1576"]
[BlackElo "1744"]
[PlyCount "74"]
[EventDate "2020.05.19"]
[EventType "swiss (blitz)"]
[EventRounds "9"]
[EventCountry "GER"]
[SourceTitle "EXT 2021"]
[Source "ChessBase"]
[SourceDate "2020.10.23"]
[SourceVersion "1"]
[SourceVersionDate "2020.10.23"]
[SourceQuality "1"]

1. e4 c5 2. Nf3 Nc6 3. Bb5 g6 4. Bxc6 bxc6 5. 0-0 Bg7 6. Nc3 d6 7. d3 Nf6 8. Re1 0-0 9. e5 Nd5 10. exd6 exd6 11. Nxd5 cxd5 12. d4 Bg4 13. c3 Re8 14. Rxe8+ Qxe8 15. Be3 c4 16. h3 Bf5 17. g4 Be4 18. Ng5 h6 19. Nxe4 dxe4 20. Qd2 Kh7 21. d5 f5 22. Bd4 Qf7 23. Bxg7 Qxg7 24. Qf4 Qf6 25. Re1 Re8 26. f3 Qe5 27. Qxe5 Rxe5 28. fxe4 fxe4 29. Kf2 Kg7 30. Rd1 Kf6 31. Ke3 Kg5 32. Rf1 Kh4 33. Kd4 e3 34. Re1 e2 35. Kxc4 Kg3 36. Kd3 Kf2 37. Kd2 Rxd5+ 0-1

[Event "GER Cup Net V1 U2000"]
[Site "Playchess.com INT"]
[Date "2020.05.19"]
[Round "6"]
[White "Hesse, Achim"]
[Black "Hadlich, Gerald"]
[Result "1-0"]
[WhiteElo "1573"]
[BlackElo "1576"]
[PlyCount "67"]
[EventDate "2020.05.19"]
[EventType "swiss (blitz)"]
[EventRounds "9"]
[EventCountry "GER"]
[SourceTitle "EXT 2021"]
[Source "ChessBase"]
[SourceDate "2020.10.23"]
[SourceVersion "1"]
[SourceVersionDate "2020.10.23"]
[SourceQuality "1"]

1. e4 c5 2. Bc4 e6 3. a3 d5 4. exd5 exd5 5. Ba2 Nf6 6. Ne2 Be7 7. d3 0-0 8. 0-0 Nc6 9. Nbc3 Bf5 10. Bg5 d4 11. Bxf6 Bxf6 12. Ne4 Bxe4 13. dxe4 b6 14. f4 d3 15. cxd3 Bxb2 16. Rb1 Bd4+ 17. Kh1 Kh8 18. Bd5 Rc8 19. Bxc6 Rxc6 20. Qa4 Rh6 21. Nxd4 cxd4 22. g3 Rd6 23. Qxa7 Rc6 24. Rfc1 Rxc1+ 25. Rxc1 Qd6 26. Rb1 f5 27. Qxb6 Qxa3 28. Qxd4 fxe4 29. dxe4 h6 30. Qf2 Qd3 31. Re1 Re8 32. e5 Qd5+ 33. Qg2 Qd2 34. Qxd2 1-0